000
00295nam a22001337a 4500
008
170731b xxu||||| |||| 00| 0 eng d
020
_a
206106
041
_a
eng
080
_a
004
100
_a
32
101
_a
SHKI
245
_a
DATA BASE MANAGEMENT SYSTEMS
_c
CARDENAS, A.F
942
_2
udc
_c
BK
999
_c
22298
_d
22298